00354 2200157 4500001002100000005001500021035002000036245002300056100001400079300001200093260003500105082000800140084001400148020002200162990001200184INLIS00000000000179120250506092014 a0010-05250000831 aHujan /cTere Liye0 aTere Liye a320 hlm aJakarta :bPT. Gramedia,c2016 a813 a813 TER h a978-602-03-2478-4 a0754582